[Event "Wch U20 Blitz"]
[Site "Pula"]
[Date "2023.10.15"]
[Round "9"]
[White "Toumi, Mohamed Jad"]
[Black "Sunder, Matteo"]
[Result "0-1"]
[WhiteElo "1941"]
[BlackElo "2002"]
[PlyCount "60"]
[EventDate "2023.10.14"]
[EventType "swiss (blitz)"]
[EventRounds "11"]
[EventCountry "ITA"]
[SourceTitle "CBM 216 Extra"]
[Source "ChessBase"]
[SourceDate "2023.11.30"]
[SourceVersion "1"]
[SourceVersionDate "2023.11.30"]
[SourceQuality "1"]

1. e4 e6 2. d4 b6 3. c4 Bb7 4. Nc3 Bb4 5. f3 f5 6. Bd3 Nc6 7. Nge2 Qh4+ 8. g3 Qh5 9. Nf4 Qf7 10. a3 Be7 11. exf5 0-0-0 12. fxe6 dxe6 13. d5 Nd4 14. 0-0 g5 15. dxe6 Nxe6 16. Nfd5 Bc5+ 17. Kg2 Nf6 18. Bf5 Kb8 19. Qe2 Nd4 20. Qd3 Nxd5 21. cxd5 Qxf5 22. Qc4 Bxd5 23. Nxd5 Qxd5 24. Qa4 g4 25. b4 gxf3+ 26. Kf2 Nc2+ 27. bxc5 Qxc5+ 28. Kxf3 Rhf8+ 29. Kg2 Rxf1 30. Kxf1 Nxa1 0-1

[Event "Wch U20 Blitz"]
[Site "Pula"]
[Date "2023.10.14"]
[Round "5"]
[White "Krassel, Timofei"]
[Black "Sunder, Matteo"]
[Result "1/2-1/2"]
[WhiteElo "2038"]
[BlackElo "2002"]
[PlyCount "80"]
[EventDate "2023.10.14"]
[EventType "swiss (blitz)"]
[EventRounds "11"]
[EventCountry "ITA"]
[SourceTitle "CBM 216 Extra"]
[Source "ChessBase"]
[SourceDate "2023.11.30"]
[SourceVersion "1"]
[SourceVersionDate "2023.11.30"]
[SourceQuality "1"]

1. e4 e5 2. Nf3 Nf6 3. d4 Nxe4 4. Bd3 d5 5. Nxe5 Bd6 6. 0-0 0-0 7. c4 c6 8. Nc3 Bf5 9. Re1 Nxc3 10. bxc3 Bxd3 11. Qxd3 Nd7 12. Rb1 Qc7 13. f4 Nf6 14. c5 Bxe5 15. fxe5 Ne4 16. Rf1 b6 17. cxb6 axb6 18. Qc2 b5 19. a3 Ra4 20. Bb2 Rc4 21. Qd3 Qa5 22. Rbe1 Qa4 23. e6 Qb3 24. exf7+ Rxf7 25. Rxf7 Kxf7 26. Rf1+ Nf6 27. Rf2 Qa4 28. h3 Qa7 29. Bc1 Qe7 30. Kh2 Qd6+ 31. Bf4 Qxa3 32. Be5 Rxc3 33. Qf5 Qe7 34. Bxf6 gxf6 35. Qxh7+ Ke8 36. Qh8+ Kd7 37. Rxf6 Re3 38. Rg6 Qe8 39. Rg7+ Re7 40. Rxe7+ Qxe7 1/2-1/2

[Event "Wch U20 Blitz"]
[Site "Pula"]
[Date "2023.10.14"]
[Round "4"]
[White "Sunder, Matteo"]
[Black "May Sanchez, Andres Elias"]
[Result "1-0"]
[WhiteElo "2002"]
[BlackElo "2044"]
[PlyCount "73"]
[EventDate "2023.10.14"]
[EventType "swiss (blitz)"]
[EventRounds "11"]
[EventCountry "ITA"]
[SourceTitle "CBM 216 Extra"]
[Source "ChessBase"]
[SourceDate "2023.11.30"]
[SourceVersion "1"]
[SourceVersionDate "2023.11.30"]
[SourceQuality "1"]

1. d4 Nf6 2. c4 c5 3. d5 g6 4. Nf3 Bg7 5. g3 d6 6. Bg2 0-0 7. Nc3 e6 8. 0-0 exd5 9. cxd5 Re8 10. Nd2 a6 11. a4 Nbd7 12. a5 Rb8 13. h3 b5 14. axb6 Nxb6 15. Ra2 Bb7 16. e4 Nfd7 17. f4 c4 18. Kh2 Nc5 19. Qc2 Qc7 20. Nf3 Nb3 21. Be3 Re7 22. Rd1 Rbe8 23. e5 Nc5 24. Bxc5 Qxc5 25. Ne4 Qb4 26. Nxd6 Rb8 27. Nd4 a5 28. Nc6 Qb3 29. Qxb3 cxb3 30. Rxa5 Bxc6 31. dxc6 Rc7 32. Nb5 Rcc8 33. c7 Nc4 34. cxb8Q Rxb8 35. Ra8 Rxa8 36. Bxa8 Bf8 37. Rd3 1-0

[Event "Wch U20 Rapid"]
[Site "Pula"]
[Date "2023.10.11"]
[Round "7"]
[White "Krassel, Timofei"]
[Black "Sunder, Matteo"]
[Result "0-1"]
[WhiteElo "2038"]
[BlackElo "2002"]
[PlyCount "78"]
[EventDate "2023.10.10"]
[EventType "swiss (rapid)"]
[EventRounds "11"]
[EventCountry "ITA"]
[SourceTitle "CBM 216 Extra"]
[Source "ChessBase"]
[SourceDate "2023.11.30"]
[SourceVersion "1"]
[SourceVersionDate "2023.11.30"]
[SourceQuality "1"]

1. e4 c5 2. Nc3 d6 3. d4 cxd4 4. Qxd4 Nc6 5. Qd2 g6 6. b3 Bg7 7. Bb2 Nf6 8. f3 h5 9. 0-0-0 a6 10. Nge2 Bd7 11. Kb1 Rc8 12. Nd5 Ne5 13. Bxe5 dxe5 14. Nxf6+ Bxf6 15. Nc3 Be6 16. Qxd8+ Rxd8 17. Rxd8+ Kxd8 18. Na4 Kc7 19. Nc5 Bc8 20. Bc4 e6 21. a4 Rd8 22. Nd3 Bd7 23. a5 Bc6 24. Kc1 Bg5+ 25. Kd1 Be7 26. Ke2 Bd6 27. h3 h4 28. b4 Kd7 29. Bb3 Ke7 30. c4 f5 31. Ke3 Bb8 32. Rd1 Ba7+ 33. c5 Rd4 34. exf5 gxf5 35. Bc2 Rc4 36. Bb3 Rc3 37. Kd2 Rxb3 38. Kc2 Ba4 39. Kd2 Rxd3+ 0-1

[Event "Wch U20 Rapid"]
[Site "Pula"]
[Date "2023.10.11"]
[Round "4"]
[White "Sunder, Matteo"]
[Black "Cugia, Filippo"]
[Result "1-0"]
[WhiteElo "2002"]
[BlackElo "1264"]
[PlyCount "65"]
[EventDate "2023.10.10"]
[EventType "swiss (rapid)"]
[EventRounds "11"]
[EventCountry "ITA"]
[SourceTitle "CBM 216 Extra"]
[Source "ChessBase"]
[SourceDate "2023.11.30"]
[SourceVersion "1"]
[SourceVersionDate "2023.11.30"]
[SourceQuality "1"]

1. d4 Nf6 2. c4 c5 3. d5 b5 4. Qc2 bxc4 5. e4 d6 6. Bxc4 Nbd7 7. Nf3 g6 8. 0-0 Bg7 9. Re1 0-0 10. h3 Re8 11. Bd2 Qc7 12. Bc3 Rb8 13. e5 dxe5 14. Nxe5 Nb6 15. d6 Qxd6 16. Nxf7 Qf4 17. Nd6+ Nxc4 18. Nxe8 Nxe8 19. Bxg7 Bf5 20. Bh6 Qd6 21. Qxc4+ e6 22. Bf4 Qb6 23. Bxb8 Qxb8 24. Nc3 Qxb2 25. g4 Nd6 26. Qxc5 Nf7 27. gxf5 gxf5 28. Rab1 Qd2 29. Red1 Qg5+ 30. Kh1 Qh4 31. Rg1+ Ng5 32. Rg3 f4 33. Qxg5+ 1-0

[Event "Wch U20 Rapid"]
[Site "Pula"]
[Date "2023.10.10"]
[Round "3"]
[White "Pasti, Aron"]
[Black "Sunder, Matteo"]
[Result "1-0"]
[WhiteElo "2394"]
[BlackElo "2002"]
[PlyCount "75"]
[EventDate "2023.10.10"]
[EventType "swiss (rapid)"]
[EventRounds "11"]
[EventCountry "ITA"]
[SourceTitle "CBM 216 Extra"]
[Source "ChessBase"]
[SourceDate "2023.11.30"]
[SourceVersion "1"]
[SourceVersionDate "2023.11.30"]
[SourceQuality "1"]

1. e4 c5 2. Nf3 d6 3. d4 cxd4 4. Nxd4 Nf6 5. Nc3 a6 6. a4 e6 7. Be2 Be7 8. 0-0 0-0 9. a5 Qc7 10. Be3 Nfd7 11. f4 Nc6 12. Nb3 Re8 13. Na4 Bf6 14. Qe1 e5 15. f5 Nd4 16. Rc1 Nc5 17. Nb6 Rb8 18. Nd2 Bd7 19. b4 Na4 20. Nd5 Qd8 21. c3 Nxe2+ 22. Qxe2 Bg5 23. f6 Bxe3+ 24. Qxe3 Re6 25. Qg3 g6 26. Nf3 b6 27. Ng5 bxa5 28. Qh4 h5 29. Ne7+ Rxe7 30. fxe7 Qb6+ 31. Kh1 axb4 32. Nxf7 d5 33. Qg5 Be8 34. Nxe5 Kg7 35. Rf8 Nxc3 36. Ng4 hxg4 37. Qe5+ Kh6 38. Rh8# 1-0

[Event "Bassano del Grappa op 10"]
[Site "Bassano del Grappa"]
[Date "2020.10.24"]
[Round "2"]
[White "Sunder, Matteo"]
[Black "Candian, Lorenzo"]
[Result "1/2-1/2"]
[WhiteElo "1861"]
[BlackElo "1933"]
[PlyCount "67"]
[EventDate "2020.10.23"]
[EventType "swiss"]
[EventRounds "5"]
[EventCountry "ITA"]
[SourceTitle "EXT 2022"]
[Source "ChessBase"]
[SourceDate "2021.10.06"]
[SourceVersion "1"]
[SourceVersionDate "2021.10.06"]
[SourceQuality "1"]

1. d4 d5 2. c4 e6 3. Nc3 dxc4 4. e3 c5 5. Bxc4 a6 6. a4 Nf6 7. Nf3 Nc6 8. 0-0 Be7 9. Re1 0-0 10. Bd3 Qb6 11. dxc5 Bxc5 12. Qe2 e5 13. Ne4 Nd7 14. Bd2 f5 15. Ng3 e4 16. Bc4+ Kh8 17. Ng5 Nce5 18. Nxh7 Kxh7 19. b4 Nxc4 20. bxc5 Qxc5 21. Rec1 Nde5 22. Bc3 Be6 23. Rab1 Rf7 24. Nh5 b5 25. Nf4 Re8 26. Bxe5 g6 27. Bd4 Qc6 28. h4 Rd7 29. h5 g5 30. Ng6 Qd5 31. Rd1 Qc6 32. Rbc1 Qb7 33. Bc5 Rxd1+ 34. Qxd1 1/2-1/2

[Event "ITA-ch U16"]
[Site "Montesilvano"]
[Date "2015.07.01"]
[Round "4"]
[White "Orlandini, Andrea"]
[Black "Sunder, Matteo"]
[Result "1-0"]
[WhiteElo "1757"]
[BlackElo "1607"]
[PlyCount "97"]
[EventDate "2015.06.29"]
[EventType "swiss"]
[EventRounds "9"]
[EventCountry "ITA"]
[SourceTitle "EXT 2024"]
[Source "ChessBase"]
[SourceDate "2023.10.10"]
[SourceVersion "1"]
[SourceVersionDate "2023.10.10"]
[SourceQuality "1"]

1. e4 c5 2. Nf3 d6 3. d4 cxd4 4. Nxd4 Nf6 5. Nc3 a6 6. Bg5 e5 7. Nb3 Nbd7 8. Qd2 Be7 9. 0-0-0 b5 10. a3 Bb7 11. f3 h6 12. Be3 Qc7 13. Be2 Nc5 14. Kb1 Nxb3 15. cxb3 Rd8 16. Rc1 Qb8 17. Nd5 Nxd5 18. exd5 Rc8 19. Rxc8+ Qxc8 20. Rc1 Qd8 21. Qb4 0-0 22. Rd1 Bg5 23. Bxg5 Qxg5 24. Bf1 Qe7 25. g3 Qc7 26. Qc3 Qxc3 27. bxc3 Rc8 28. c4 f5 29. Bd3 bxc4 30. bxc4 f4 31. gxf4 exf4 32. Re1 Rf8 33. Re6 Rf6 34. Re7 Bc8 35. Rc7 Bh3 36. Rc6 g5 37. c5 g4 38. fxg4 Bxg4 39. Rxd6 Rf8 40. Rg6+ Kh8 41. Rxg4 f3 42. Rg1 Re8 43. d6 f2 44. Rc1 Kg7 45. d7 Rd8 46. c6 Kf7 47. c7 Rxd7 48. Bc4+ Ke7 49. c8Q 1-0